00638nam a2200169 a 450000100100000000500170001000800410002704000250006804100110009308200150010410000300011924501410014926000800029030000200037070000290039074000490041900003139320200930062911.0110620s1948 dr 000 | spa d aDO-SdBNPbspacBNPHU1 aengspa axxxbP424s1 aPepper B., José Vicente10aSoviet´s Claws on Central America = Las garras del soviet sobre Centro América /cJosé Vicente Pepper ; prólogo de Summer Welles. aTrujillo City, Dominican Republic :bPapelera Industrial Dominicana,c1948. a74 p. ;c22 cm.1 aWelles, Summer,epról.4 aLas garras del soviet sobre Centro América